Missing Word: Influential People of 2016 (A-Z) Quiz Stats

Quiz Updated Jun 23, 2016

Challenge
Share
Tweet
Embed
Score 0/26 Timer 03:00
0 Plays Today
Hint Answer % Correct
____ Obama - US PresidentBarack
97.8%
____ Trump - US politicianDonald
96.7%
____ Clinton - US politicianHillary
94.1%
Mark ____ - Facebook CEOZuckerberg
86.4%
____ Bolt - athleteUsain
85.5%
____ Putin - leader of RussiaVladimir
84.8%
Caitlyn ____ - tv personalityJenner
82.6%
Angela ____ - Chancellor of GermanyMerkel
77.6%
____ Rousey - mixed martial artistRonda
65.3%
____ Elba - actorIdris
64.9%
____ Cook - Apple CEOTim
59.5%
Aziz ____ - comedianAnsari
54.2%
____ Máxima of the NetherlandsQueen
50.9%
Hint Answer % Correct
____ Jinping - leader of ChinaXi
48.5%
____ Isaac - actorOscar
40.8%
____ Hamilton - Formula One driverLewis
31.5%
Recep Tayyip ____ - President of TurkeyErdoğan
21%
Kathleen ____ - film producerKennedy
18.3%
Aung San ____ Kyi - Burmese stateswomanSuu
18%
Ta-Nehisi ____ - writerCoates
17.9%
____ Jianlin - businessmanWang
9.2%
Elena ____ - novelistFerrante
4.8%
Sundar ____ - Google CEOPichai
3.1%
____ Pei - fashion designerGuo
2.7%
Muhammad bin ____ - Crown Prince of Saudi ArabiaNayef
2.2%
Tu ____ - chemistYouyou
1.8%

Today's Daily Dose

Word Ladder
KISS Hit

On This Day
January 22nd

You're not logged in!

Compare scores with friends on all Sporcle quizzes.
Sign Up with Email
OR
Log In

You Might Also Like...

Show Comments

Extras

Top Quizzes Today


Score Distribution

Your Account Isn't Verified!

In order to create a playlist on Sporcle, you need to verify the email address you used during registration. Go to your Sporcle Settings to finish the process.